2025-26 Ligue 1 Captains - Statistics

General Stats
  • This quiz has been taken 8 times
  • The average score is 5 of 18
Answer Stats
Club Captain % Correct
PSG Marquinhos
88%
Lyon Corentin Tolisso
63%
Marseille Leonardo Balerdi
63%
Paris Maxime Lopez
38%
Lille Benjamin Andre
25%
Nice Dante
25%
Monaco Denis Zakaria
25%
Strasbourg Emanuel Emegha
25%
Metz Gauthier Hein
25%
Rennes Valentin Rongier
25%
Le Havre Arouna Sangante
13%
Brest Brendan Chardonnet
13%
Auxerre Elisha Owusu
13%
Lens Florian Sotoca
13%
Angers Haris Belkebla
13%
Lorient Laurent Abergel
13%
Toulouse Rasmus Nicolaisen
13%
Nantes Kelvin Amian
0%
No matching quizzes found
Score Distribution
Percent of People with Each Score
Percentile by Number Answered
Your Score History
You have not taken this quiz